Wszyscy zwycięzcy Majora w CSGO/CS2 - nagła śmierć - Statystyki

Ogólne statystyki
  • Ten quiz został rozwiązany 420 razy
  • Średni wynik to 9 z 15
Answers on the Grid
Answers color-coded by a green-red scale on the quiz's grid according to % correct below.
Navi
MOUZ
Outsiders
Complexity
Team LDLC
Astralis
Team Liquid
BIG
Faze
HEROIC
G2
ENCE
Vitality
SK Gaming
MIBR
Fnatic
Team Envy
3DMAX
Cloud9
FURIA
Gambit
Luminosity Gaming
OG
Virtus.Pro
Eternal Fire
Ninjas In Pyjamas
GamerLegion
Team Spirit
Imperial
AVANGAR
 
Statystyki odpowiedzi
Odpowiedź % Poprawnych
Navi
95%
Astralis
70%
Faze
67%
Virtus.Pro
65%
Vitality
63%
Ninjas In Pyjamas
60%
Fnatic
59%
Team Spirit
56%
Outsiders
55%
Team LDLC
55%
Cloud9
54%
SK Gaming
50%
Gambit
48%
Luminosity Gaming
47%
Team Envy
45%
Nie znaleziono quizów pasujących do podanych kryteriów
Rozkład punktacji
Procent ludzi z każdym wynikiem
Percentyl według liczby udzielonych odpowiedzi
Twoja historia wyników
Nie rozwiązałeś tego quizu